Baden Powell verzus 2007/2008 ostočnici skautingu trochu inak-

Bibliographic Details
Main Author: Gubková, Nora (Author)
Format: Article
Language:Slovak
PhysicalDescription:Fotogr.
ISSN:1335-4426
Subjects:

MARC

LEADER 00000nab a2200000 ar4500
001 vtls009155162
003 SK-MaSNL
005 20260304195742.0
008 071031c2007 xo wr|p|||||||000 b|slo
015 |a SNBRB2007/10  |2 snkbucl 
040 |a SNKBUCL  |b slo  |c SNKBUCL  |e AACR2 
041 0 |a slo 
044 |a xo  |c SK 
080 |a 061.21  |x (100)  |2 2001 
080 |a 379.831  |2 2001 
080 |a 796.03  |2 2001 
100 1 |a Gubková, Nora  |4 aut  |9 267045 
245 1 0 |a Baden Powell verzus 2007/2008  |b ostočnici skautingu trochu inak-  |c Nora Gubková 
300 |b Fotogr. 
500 |a Do č. 5 vychádzalo periodikum ako Domino fórum 
650 0 7 |a skauting  |2 snkbucl  |9 3238 
650 0 7 |a skauti  |2 snkbucl  |9 30558 
651 7 |a Banská Štiavnica (Slovensko)  |2 snkbucl  |9 16373 
655 7 |a reportáže  |2 snkbucl  |9 28856 
773 0 |t Domino efekt  |g Roč. XVI, č. 36-37 (2007), s. 22-23  |x 1335-4426 
852 |a SNK  |b KIS3GCP 
958 |a SK 
999 |c 3082839  |d 3084769